<?xml version="1.0" encoding="UTF-8"?>
<record
    xmlns:xsi="http://www.w3.org/2001/XMLSchema-instance"
    xsi:schemaLocation="http://www.loc.gov/MARC21/slim http://www.loc.gov/standards/marcxml/schema/MARC21slim.xsd"
    xmlns="http://www.loc.gov/MARC21/slim">

  <leader>00483nam a2200169Ia 4500</leader>
  <controlfield tag="008">230718s9999    xx            000 0 und d</controlfield>
  <datafield tag="041" ind1=" " ind2=" ">
    <subfield code="a">eng</subfield>
  </datafield>
  <datafield tag="082" ind1=" " ind2=" ">
    <subfield code="a">005.63</subfield>
    <subfield code="b">BOA</subfield>
  </datafield>
  <datafield tag="100" ind1=" " ind2=" ">
    <subfield code="a">Boardman T.</subfield>
    <subfield code="9">147106</subfield>
  </datafield>
  <datafield tag="245" ind1=" " ind2=" ">
    <subfield code="a">Inside 3d Studio Max 3 Modeling Materials And Rendering</subfield>
  </datafield>
  <datafield tag="260" ind1=" " ind2=" ">
    <subfield code="c">2000</subfield>
    <subfield code="b">Techmedia</subfield>
  </datafield>
  <datafield tag="300" ind1=" " ind2=" ">
    <subfield code="a">700</subfield>
    <subfield code="d">Ref 744 C (11972)</subfield>
  </datafield>
  <datafield tag="365" ind1=" " ind2=" ">
    <subfield code="c">Rs.</subfield>
    <subfield code="b">270.00</subfield>
  </datafield>
  <datafield tag="500" ind1=" " ind2=" ">
    <subfield code="a">744 C</subfield>
  </datafield>
  <datafield tag="700" ind1=" " ind2=" ">
    <subfield code="a">Boardman T. &amp; Hubbell J.</subfield>
    <subfield code="9">186883</subfield>
  </datafield>
  <datafield tag="906" ind1=" " ind2=" ">
    <subfield code="d">B:3413016-Oct-2000</subfield>
    <subfield code="c">COMP</subfield>
    <subfield code="b">40.5</subfield>
  </datafield>
  <datafield tag="999" ind1=" " ind2=" ">
    <subfield code="c">300766</subfield>
    <subfield code="d">300766</subfield>
  </datafield>
  <datafield tag="952" ind1=" " ind2=" ">
    <subfield code="0">0</subfield>
    <subfield code="1">0</subfield>
    <subfield code="2">ddc</subfield>
    <subfield code="3">Ref 744 C (11972)</subfield>
    <subfield code="4">0</subfield>
    <subfield code="7">3</subfield>
    <subfield code="a">CCEP</subfield>
    <subfield code="b">CCEP</subfield>
    <subfield code="d">2000-11-10</subfield>
    <subfield code="e">International Book Traders</subfield>
    <subfield code="f">COMP</subfield>
    <subfield code="g">229.50</subfield>
    <subfield code="i">34130</subfield>
    <subfield code="o">005.63</subfield>
    <subfield code="p">CCEP-BK-11972</subfield>
    <subfield code="r">2023-07-18 00:00:00</subfield>
    <subfield code="t">40.5</subfield>
    <subfield code="v">270.00</subfield>
    <subfield code="w">2000-10-16</subfield>
    <subfield code="y">BK</subfield>
    <subfield code="z">011972</subfield>
  </datafield>
</record>
